Building construction estimating /

Overview of the construction estimating process; Computers in construction estimating; Overview of the detailed estimate; Developing the cost for a detailed estimate; Earthwork; Concrete; Masonry; Metals; Carpentry; Miscellaneous and specialty work; Plumbing, mechanical, and electrical; Transfer of...

Popoln opis

Shranjeno v:
Bibliografske podrobnosti
Glavni avtor: Schuette, Stephen D.
Drugi avtorji: Liska, Roger W.
Format: Knjiga
Jezik:English
Izdano: New York : McGraw-Hill, 1994.
Serija:McGraw-Hill series in construction engineering and project management.
Teme:
Oznake: Označite
Brez oznak, prvi označite!
Thư viện lưu trữ: Mạng thư viện Đại học Đà Nẵng
LEADER 01569cam a2200385 a 4500
001 000046465
003 5935
005 20060626105436.0
008 010220b1994 vm 000 eng
020 |a 007911816X 
040 |a IRC  |c IRC  |d IRC 
041 0 |a eng 
082 1 4 |a 692.5  |b SC-S 
100 1 |a Schuette, Stephen D. 
245 1 0 |a Building construction estimating /  |c Stephen D. Schuette, Roger W. Liska. 
260 |a New York :  |b McGraw-Hill,  |c 1994. 
300 |a xvi, 346 p. :  |b ill. ;  |c 23 cm. 
440 0 |a McGraw-Hill series in construction engineering and project management. 
500 |a Includes index. 
520 3 |a Overview of the construction estimating process; Computers in construction estimating; Overview of the detailed estimate; Developing the cost for a detailed estimate; Earthwork; Concrete; Masonry; Metals; Carpentry; Miscellaneous and specialty work; Plumbing, mechanical, and electrical; Transfer of the estimate to the construction process. 
630 0 4 |a Building. 
650 0 4 |a Building  |x Estimates. 
700 1 |a Liska, Roger W. 
OWN |a DUT 
AVA |a UDN50  |b DUT  |c Book  |d 692.5 SC-S  |e available  |t Error 5001 Not defined in file expand_doc_bib_avail.  |f 1  |g 0  |h N  |i 0  |j SH  |k 1 
999 |a From the UDN01 
AVA |a UDN50  |b DUT  |c Book  |d 692.5 SC-S  |e available  |t Error 5001 Not defined in file expand_doc_bib_avail.  |f 1  |g 0  |h N  |i 0  |j SH  |k 1 
TYP |a Monograph 
TYP |a Printed language 
980 |a Mạng thư viện Đại học Đà Nẵng